| 000 | 00947nas a2200277 4500 | ||
|---|---|---|---|
| 001 | BR2013005163 | ||
| 003 | BR-BrBNA | ||
| 005 | 20231205122616.0 | ||
| 007 | ta | ||
| 008 | 230509b bl.|||p| |||| 00| 00por d | ||
| 040 |
_aBR-BrBNA _bpor _cBiblioteca Nacional de Agricultura |
||
| 041 | _a(Pt) | ||
| 072 | _aF01; H20 | ||
| 100 | 1 | _aCorrêa, E.B. | |
| 100 | 1 | _aBettiol, W. | |
| 100 | 1 | _aSutton, J.C. | |
| 245 | 1 | _aControle biológico da podridão radicular (Pythium aphanidermatum)e promoção de crescimento por Pseudomonas chlororaphis 63-28 e Bacillus subtilis GB03 em alface hidropônica | |
| 650 | _aALFACE | ||
| 650 | _aCONTROLE BIOLÓGICO | ||
| 650 | _aPODRIDÃO RADICULAR | ||
| 650 | _aCULTIVO HIDROPÔNICO | ||
| 650 | _aDOENÇA DE PLANTA | ||
| 773 | 0 |
_tSumma Phytopathologica (Brazil) _xISSN 0100-5405 _g(Oct-Dec 2010), v. 36(4) p. 275-281 _wBR2013005163 |
|
| 909 |
_a202311 _bLúcia _c55 _dLúcia Elande |
||
| 942 |
_2AGRIS _n0 _cANA |
||
| 999 |
_c229561 _d229561 |
||